Engineering Mathematics II (Probability and Statistics) (Record no. 11033)
[ view plain ]
| 000 -LEADER | |
|---|---|
| fixed length control field | 00494nam a22001937a 4500 |
| 003 - CONTROL NUMBER IDENTIFIER | |
| control field | OSt |
| 008 - FIXED-LENGTH DATA ELEMENTS--GENERAL INFORMATION | |
| fixed length control field | 211112b ||||| |||| 00| 0 eng d |
| 020 ## - INTERNATIONAL STANDARD BOOK NUMBER | |
| International Standard Book Number | 9788190912914 |
| 082 ## - DEWEY DECIMAL CLASSIFICATION NUMBER | |
| Classification number | 510 KUE |
| 100 ## - MAIN ENTRY--PERSONAL NAME | |
| Personal name | KUMAR,Kuldeep |
| 245 ## - TITLE STATEMENT | |
| Title | Engineering Mathematics II (Probability and Statistics) |
| 260 ## - PUBLICATION, DISTRIBUTION, ETC. (IMPRINT) | |
| Place of publication, distribution, etc | New Delhi |
| Name of publisher, distributor, etc | Bharat Publications |
| Date of publication, distribution, etc | 2019 |
| 300 ## - PHYSICAL DESCRIPTION | |
| Extent | MISC |
| 650 ## - SUBJECT ADDED ENTRY--TOPICAL TERM | |
| Topical term or geographic name as entry element | Applied Science |
| 700 ## - ADDED ENTRY--PERSONAL NAME | |
| Personal name | KUMAR,Rajesh |
| 700 ## - ADDED ENTRY--PERSONAL NAME | |
| Personal name | REEN,LS |
| 700 ## - ADDED ENTRY--PERSONAL NAME | |
| Personal name | RAJ,Deepak |
| 942 ## - ADDED ENTRY ELEMENTS (KOHA) | |
| Source of classification or shelving scheme | Dewey Decimal Classification |
| Koha item type | Text Books |
| 942 ## - ADDED ENTRY ELEMENTS (KOHA) | |
| -- | 39 |
| Withdrawn status | Lost status | Source of classification or shelving scheme | Damaged status | Not for loan | Collection code | Home library | Current library | Date acquired | Source of acquisition | Currency | Cost, normal purchase price | Bill Number | Total Checkouts | Full call number | Acc. no. / Barcode | Checked out | Date last seen | Date last borrowed | Actual Cost, discounted price | Bill Date | Koha item type |
|---|---|---|---|---|---|---|---|---|---|---|---|---|---|---|---|---|---|---|---|---|---|
| Dewey Decimal Classification | Applied Sc. | PIET C-LIBRARY | PIET C-LIBRARY | 26/10/2021 | Kirti Praskshan | IN Rupees | 330.00 | 21-22/577 | 6 | 510 KUE | 33338 | 22/09/2022 | 26/03/2022 | 26/03/2022 | 247.50 | 26/10/2021 | Text Books | ||||
| Dewey Decimal Classification | Applied Sc. | PIET C-LIBRARY | PIET C-LIBRARY | 26/10/2021 | Kirti Praskshan | IN Rupees | 330.00 | 21-22/577 | 25 | 510 KUE | 33339 | 17/08/2026 | 27/01/2026 | 27/01/2026 | 247.50 | 26/10/2021 | Text Books | ||||
| Dewey Decimal Classification | Applied Sc. | PIET C-LIBRARY | PIET C-LIBRARY | 26/10/2021 | Kirti Praskshan | IN Rupees | 330.00 | 21-22/577 | 34 | 510 KUE | 33340 | 04/06/2026 | 29/05/2026 | 247.50 | 26/10/2021 | Text Books | |||||
| Dewey Decimal Classification | Applied Sc. | PIET C-LIBRARY | PIET C-LIBRARY | 26/10/2021 | Kirti Praskshan | IN Rupees | 330.00 | 21-22/577 | 26 | 510 KUE | 33341 | 17/08/2026 | 27/01/2026 | 27/01/2026 | 247.50 | 26/10/2021 | Text Books | ||||
| Dewey Decimal Classification | Applied Sc. | PIET C-LIBRARY | PIET C-LIBRARY | 26/10/2021 | Kirti Praskshan | IN Rupees | 330.00 | 21-22/577 | 510 KUE | 33342 | 12/11/2021 | 247.50 | 26/10/2021 | Text Books |